| 000 | 00846nam a2200265 a 4500 | ||
|---|---|---|---|
| 003 | OSt | ||
| 005 | 20171116135504.0 | ||
| 008 | 17 s2006 spc|||||| 001 1aspa|c | ||
| 017 | _aDL M. 7390-2006 | ||
| 017 | _aDL M. 19714-2006 | ||
| 020 | _a8408065637 | ||
| 040 |
_aES-BaCBU _bcat _cCDMR |
||
| 100 | 1 |
_aGonzález Ledesma, Francisco, _d1927- |
|
| 245 | 1 | 0 |
_aHistoria de mis calles / _cFrancisco González Ledesma |
| 260 |
_aBarcelona : _bPlaneta, _c2006 |
||
| 300 |
_a461 p., [24] p. de làm. : _bil.; _c24 cm |
||
| 500 | _aReimpressions: 2006 | ||
| 504 | _aÍndex | ||
| 505 | _aConté il·lustracions. | ||
| 600 | 1 | 4 |
_aGonzález Ledesma, Francisco, _d1927- _xBiografia |
| 650 | 0 | 4 |
_aEscriptors catalans (castellà) _yS. XX _xBiografia |
| 650 | 0 | 4 |
_aPeriodistes _zCatalunya _xBiografia |
| 650 | 0 | 4 |
_aPeriodistes _93074 _vBiografia |
| 942 | _cMON | ||
| 999 |
_c7079 _d7079 |
||